Central Library OPAC University of Rajshahi

The machinery of self-government / (Record no. 40854)

MARC details
000 -LEADER
fixed length control field 00866nam a2200277 a 4500
001 - CONTROL NUMBER
control field 40854
003 - CONTROL NUMBER IDENTIFIER
rucl marc code (BD-RJUL)
005 - DATE AND TIME OF LATEST TRANSACTION
control field 20211209053303.0
008 - FIXED-LENGTH DATA ELEMENTS--GENERAL INFORMATION
fixed length control field 160511s1953 enk b 000 0 eng d
035 ## - SYSTEM CONTROL NUMBER
System control number (BD-RJUL) 40969
040 ## - CATALOGING SOURCE
Original cataloging agency IUL
Transcribing agency IUL
Modifying agency EQO
-- (BD-RJUL)
Language of cataloging eng
041 ## - LANGUAGE CODE
Language code of text/sound track or separate title eng
082 ## - DEWEY DECIMAL CLASSIFICATION NUMBER
Edition number 23
Classification number 320.4669
Author mark and year KIM 1953
090 ## - LOCALLY ASSIGNED LC-TYPE CALL NUMBER (OCLC); LOCAL CALL NUMBER (OCLC)
Classification number (OCLC) (R) ; Classification number, CALL (RLIN) (NR) JQ2998.A2
Local cutter number (OCLC) ; Book number/undivided call number, CALL (RLIN) K49
100 1# - MAIN ENTRY--PERSONAL NAME
Personal name Kimble, David.
9 (RLIN) 125728
245 14 - TITLE STATEMENT
Title The machinery of self-government /
Statement of responsibility, etc. David Kimble.
260 ## - PUBLICATION, DISTRIBUTION, ETC. (IMPRINT)
Place of publication, distribution, etc. London :
Name of publisher, distributor, etc. Penguin Books,
Date of publication, distribution, etc. 1953.
300 ## - PHYSICAL DESCRIPTION
Pagination 124 p. ;
Size 18 cm.
490 1# - SERIES STATEMENT
Series statement Penguin West African series ;
Volume/sequential designation WA4
504 ## - BIBLIOGRAPHY, ETC. NOTE
Bibliography, etc Bibliography: p. 117-124.
651 #0 - SUBJECT ADDED ENTRY--GEOGRAPHIC NAME
Geographic name Nigeria
General subdivision Politics and government.
9 (RLIN) 125205
Geographic name Ghana
General subdivision Politics and government
Chronological subdivision To 1957.
9 (RLIN) 125729
830 #0 - SERIES ADDED ENTRY--UNIFORM TITLE
Uniform title African series (London, England) ;
Volume number/sequential designation WA4.
942 ## - ADDED ENTRY ELEMENTS (KOHA)
Source of classification or shelving scheme Dewey Decimal Classification
Koha item type Books
Holdings
Lost status Source of classification or shelving scheme Damaged status Not for loan Collection code Permanent Location Current Location Shelving location Date acquired Source of acquisition Cost, normal purchase price Total Checkouts Full call number Date last seen Copy number Koha item type
  Dewey Decimal Classification     Non-fiction Central Library, University of Rajshahi Central Library, University of Rajshahi     Rajshahi : U.B.D 1.20   320.4669 KIM 1953 11/05/2016 C-1 Books
  Dewey Decimal Classification     Non-fiction Central Library, University of Rajshahi Central Library, University of Rajshahi     Rajshahi : U.B.D 1.20   320.4669 KIM 1953 11/05/2016 C-2 Books